000 01378nam a2200409 i 4500
001 1693
003 KOSZ 005
005 20240405062947.0
008 000114s1981 pl |000 0 pol
015 _aPB 1981/8849
020 _a8321901301
035 _a(OCoLC)830210083
040 _aWA N
_cWA N
_dKOSZ 005/HR
041 0 _apol
045 _bd1981
046 _k1981
080 _a351.811.122(438)
245 0 0 _aKodeks drogowy :
_bakty podstawowe /
_c[akty prawne oprac. Wiesława Bukowicka-Szóstakowska].
250 _a[2 uaktual. i uzup. wyd.] /
_bwedług stanu prawnego na dzień 1 lipca 1981 r.
260 _aWarszawa, :
_bWydawnictwo Prawnicze,
_c1981.
300 _a159, [1] s., [12] k. il. kolor. ;
_c21 cm.
336 _2rdacontent
_aTekst
_btxt
337 _2rdamedia
_aBez urządzenia pośredniczącego
_bn
338 _2rdacarrier
_aWolumin
_bnc
380 _aKsiążki
388 _a1901-2000
388 _a1945-1989
650 4 _aPrawo o ruchu drogowym
658 _aPrawo i wymiar sprawiedliwości
648 4 _a1901-2000
651 4 _aPolska
650 4 _aKomunikacja drogowa
648 4 _a1945-1989
700 1 _aBukowicka-Szóstakowska, Wiesława.
_eOpracowanie
856 _uhttp://koha.tu.koszalin.pl/cgi-bin/koha/opac-detail.pl?biblionumber=1693
_yKatalog online BPK
942 _2UKD
_cKS
999 _c1693
_d1693